Most Downloaded Apps of All Time - Statistics

General Stats
  • This quiz has been taken 80 times
  • The average score is 6 of 14
Answer Stats
Rank Answer % Correct
2 Instagram
97%
1 TikTok
87%
3 Facebook
85%
7 Snapchat
80%
10 YouTube
80%
4 WhatsApp
57%
9 Spotify
50%
5 Telegram
28%
14 Subway Surfers
15%
15 Roblox
12%
6 Zoom
8%
13 Cash App
5%
8 CapCut
3%
12 Max
2%
No matching quizzes found
Score Distribution
Percent of People with Each Score
Percentile by Number Answered
Your Score History
You have not taken this quiz